| 000 | 01499cad a22002415a 4500 | ||
|---|---|---|---|
| 001 | L140724 | ||
| 008 | 071008e20071005xxk f s 000 0 eng d | ||
| 035 | _a(Sirsi) u140724 | ||
| 041 | 0 | _aeng | |
| 050 | 0 | 4 | _a333.333 $2 18 |
| 110 | 2 |
_aRoyal Institution of Chartered Surveyors _94900 |
|
| 245 | 0 | 0 |
_aHIPs still impacting on property market _h[electronic resource] |
| 260 |
_aLondon _bRICS _c2007 |
||
| 520 | _aPress release reports that the residential property market is still showing signs of the rush to market properties before the introduction of Home Information Packs (HIPs). September showed a continuing decline in new instructions across the country compared with 12 months previously. 73% of survey respondents reported a decline. The worst affected areas were East Anglia and the West Midlands. London remains least affected due to the predominance of smaller properties. However it is expected to match the rest of the country when HIPs are rolled out to smaller properties. Statistics. | ||
| 590 | _aKA | ||
| 650 | 2 | 4 | _aHOME INFORMATION PACKS |
| 650 | 2 | 4 | _aHOUSING ACT 2004 PART V |
| 651 | 4 |
_aUnited Kingdom _y |
|
| 690 | _aPROPERTY-RESIDENTIAL PROPERTY-RESIDENTIAL PROPERTY MARKET | ||
| 690 | _aPROPERTY-RESIDENTIAL PROPERTY-ACQUISITION AND DISPOSAL OF RESIDENTIAL PROPERTY-HOME BUYING REFORM | ||
| 856 | 4 | 0 |
_uhttps://www.rics.org/Property/Residentialproperty/Residentialpropertymarket/HIPs_051007.htm _zView the press release free of charge at www.rics.org... |
| 942 | _n0 | ||
| 999 |
_c107536 _d107536 |
||